000 00273nam a22001217a 4500
008 170505b xxu||||| |||| 00| 0 eng d
041 _aeng
080 _a35
100 _a15
101 _aSHJ
245 _aREADINGS IN PUBLIC ADMINISTRATION
_cMCKEAN, D.D
942 _2udc
_cBK
999 _c12811
_d12811